空中写真クイズ 〜日本の島〜 - Statistics

General Stats
  • This quiz has been taken 508 times
  • The average score is 15 of 25
Answer Stats
Picture Answer % Correct
沖縄本島
99%
佐渡島
99%
淡路島
97%
桜島
96%
対馬
85%
種子島
80%
石垣島
71%
宮古島
68%
奄美大島
66%
小豆島
64%
与那国島
52%
屋久島
52%
奥尻島
51%
ポートアイランド
50%
青ヶ島
49%
八丈島
49%
伊豆大島
48%
福江島(五島列島)
47%
三宅島
47%
隠岐島
43%
西表島
42%
利尻島
42%
久米島
37%
八景島
34%
父島
33%
No matching quizzes found
Score Distribution
Percent of People with Each Score
Percentile by Number Answered
Your Score History
You have not taken this quiz